000 00307nam a22001337a 4500
008 170322b xxu||||| |||| 00| 0 eng d
020 _a0716707489
041 _aeng
080 _a616.8
100 _a7
101 _aSHM
245 _aA PRIMER PHUSIOLOGY BRAIN AND BEHAVIOR
_cTEYLER,TH.J
942 _2udc
_cBK
999 _c8349
_d8349